| 000 | 00553nam a2200181 i 4500 | ||
|---|---|---|---|
| 001 | 100688 | ||
| 003 | ES-MaACL | ||
| 005 | 20230906182727.0 | ||
| 007 | t| | ||
| 008 | 051004s1970 sp ||||1| cat d | ||
| 100 | 1 |
_aMatabosch, Antoni ( _d1935-) _978901 |
|
| 245 | 1 | 0 |
_aRoger Garaudy i el redescobriment de l'home total / _cAntoni Matabosch; epileg per Roger Garaudy. |
| 250 | _a[1ยช ed.]. | ||
| 260 |
_aBarcelona : _bNova Terra, _c1970. |
||
| 300 |
_a197 p. ; _c18 cm. |
||
| 700 | 1 |
_aGaraudy, Roger. _953935 |
|
| 852 |
_aES-MaACL _jC-46551 _bR.76054 |
||
| 999 |
_c100688 _d100688 |
||